Influence of Effective Stress on Absolute Permeability of Ultralow-Permeability Rocks; IOP Conference Series: Earth and Environmental Science; Vol. 459 : International science and technology conference "Earth science" (ISTC Earth Science)
| Parent link: | IOP Conference Series: Earth and Environmental Science Vol. 459 : International science and technology conference "Earth science" (ISTC Earth Science).— 2020.— [022067, 7 p.] |
|---|---|
| Hlavní autor: | |
| Korporativní autor: | |
| Další autoři: | , |
| Shrnutí: | Title screen The great potential of unconventional hydrocarbon resources in the world is realized in shale formations represented by fractured low-permeability and ultralow-permeability reservoirs. The development of shale formations in the energy depletion mode leads to an increase in effective pressure, which has a significant effect on the permeability of low-permeability and ultralow-permeability reservoirs. A laboratory estimation of the influence of effective pressure on the absolute permeability of different litological compositions rocks with permeability from 0.1 nD to 1 mD was carried out. Absolute gas permeability was determined by the pulse decay method and the modified steady-state method under pressure conditions. The results showed that an increase in the effective pressure from 7 to 45 MPa leads to a decrease in the absolute permeability of low-permeability and ultralow-permeability reservoirs by 1.8 – 100 times, depending on the initial permeability of core samples and their lithology. Reliable correlations of absolute permeability and effective pressure for reservoirs of different types have been identified. Correlations can be used to design well flow rates for the entire period of shale formations development. |
| Jazyk: | angličtina |
| Vydáno: |
2020
|
| Témata: | |
| On-line přístup: | http://earchive.tpu.ru/handle/11683/72808 https://doi.org/10.1088/1755-1315/459/2/022067 |
| Médium: | MixedMaterials Elektronický zdroj Kapitola |
| KOHA link: | https://koha.lib.tpu.ru/cgi-bin/koha/opac-detail.pl?biblionumber=664962 |
MARC
| LEADER | 00000naa0a2200000 4500 | ||
|---|---|---|---|
| 001 | 664962 | ||
| 005 | 20250815104700.0 | ||
| 035 | |a (RuTPU)RU\TPU\network\36147 | ||
| 035 | |a RU\TPU\network\36145 | ||
| 090 | |a 664962 | ||
| 100 | |a 20210602d2020 k y0engy50 ba | ||
| 101 | 0 | |a eng | |
| 102 | |a GB | ||
| 135 | |a vrgn ---uucaa | ||
| 181 | 0 | |a i | |
| 182 | 0 | |a b | |
| 200 | 1 | |a Influence of Effective Stress on Absolute Permeability of Ultralow-Permeability Rocks |f A. M. Gorshkov, I. S. Khomyakov, M. V. Subbotina | |
| 203 | |a Text |c electronic | ||
| 300 | |a Title screen | ||
| 320 | |a [References: 19 tit.] | ||
| 330 | |a The great potential of unconventional hydrocarbon resources in the world is realized in shale formations represented by fractured low-permeability and ultralow-permeability reservoirs. The development of shale formations in the energy depletion mode leads to an increase in effective pressure, which has a significant effect on the permeability of low-permeability and ultralow-permeability reservoirs. A laboratory estimation of the influence of effective pressure on the absolute permeability of different litological compositions rocks with permeability from 0.1 nD to 1 mD was carried out. Absolute gas permeability was determined by the pulse decay method and the modified steady-state method under pressure conditions. The results showed that an increase in the effective pressure from 7 to 45 MPa leads to a decrease in the absolute permeability of low-permeability and ultralow-permeability reservoirs by 1.8 – 100 times, depending on the initial permeability of core samples and their lithology. Reliable correlations of absolute permeability and effective pressure for reservoirs of different types have been identified. Correlations can be used to design well flow rates for the entire period of shale formations development. | ||
| 461 | 1 | |0 (RuTPU)RU\TPU\network\2499 |t IOP Conference Series: Earth and Environmental Science | |
| 463 | |t Vol. 459 : International science and technology conference "Earth science" (ISTC Earth Science) |o International Scientific Conference “FarEastCon”, October 1-4, 2019, Vladivostok, Russian Federation |o [proceedings] |v [022067, 7 p.] |d 2020 | ||
| 610 | 1 | |a электронный ресурс | |
| 610 | 1 | |a труды учёных ТПУ | |
| 700 | 1 | |a Gorshkov |b A. M. |c specialist in the field of oil and gas business |c Engineer of Tomsk Polytechnic University |f 1989- |g Anton Mikhailovich |3 (RuTPU)RU\TPU\pers\32178 | |
| 701 | 1 | |a Khomyakov |b I. S. |c Specialist in the field of oil and gas business |c Senior Lecturer of Tomsk Polytechnic University, candidate of chemical Sciences |f 1988- |g Ivan Sergeevich |3 (RuTPU)RU\TPU\pers\32226 | |
| 701 | 1 | |a Subbotina |b M. V. |g Mariya Vladimirovna | |
| 712 | 0 | 2 | |a Национальный исследовательский Томский политехнический университет |b Инженерная школа природных ресурсов |b Отделение нефтегазового дела |3 (RuTPU)RU\TPU\col\23546 |
| 801 | 1 | |a RU |b 63413507 |c 20150101 |g RCR | |
| 801 | 2 | |a RU |b 63413507 |c 20220830 |g RCR | |
| 856 | 4 | |u http://earchive.tpu.ru/handle/11683/72808 | |
| 856 | 4 | |u https://doi.org/10.1088/1755-1315/459/2/022067 | |
| 942 | |c CF | ||